Mathematics and Statistics for Economists. (Record no. 2305)

MARC details
005 - DATE AND TIME OF LATEST TRANSACTION
control field 20250515123500.0
020 ## - INTERNATIONAL STANDARD BOOK NUMBER
International Standard Book Number 38463-0113
082 ## - DEWEY DECIMAL CLASSIFICATION NUMBER
Classification number LECT 330.154 TIN
100 ## - MAIN ENTRY--PERSONAL NAME
Author name TINTNER, G.
245 ## - TITLE STATEMENT
Title Mathematics and Statistics for Economists.
260 ## - PUBLICATION, DISTRIBUTION, ETC.
Place of publication, distribution, etc. New York,
Name of publisher, distributor, etc. Holt, Rinehart and Winston,
Date of publication, distribution, etc. 1953.
300 ## - PHYSICAL DESCRIPTION
Extent xiv,363p.: ill.; Chart, Graph, Figures.
Other physical details Index.
Dimensions 23cm,
942 ## - ADDED ENTRY ELEMENTS (KOHA)
Source of classification or shelving scheme Dewey Decimal Classification
Koha item type Books
Holdings
Date last seen Total checkouts Full call number Barcode Cost, replacement price Price effective from Koha item type Lost status Source of classification or shelving scheme Damaged status Not for loan Withdrawn status Home library Current library Shelving location Date acquired Cost, normal purchase price
05/15/2025   LECT 330.154 TIN 0000008837 30000.00 05/15/2025 Books   Dewey Decimal Classification       College of Business Education Main Library College of Business Education Main Library General Collection 05/15/2025 10000.00